Raspberries and blackberries : their breeding, diseases and growth /

Bibliographic Details
Main Author: Jennings, D. L.
Format: Book
Language:English
Published: London ; San Diego : Academic, 1988.
Subjects:

MARC

Tag First Indicator Second Indicator Subfields
LEADER 00000cam a22000008a 4500
001 in00000023763
005 20151007054323.0
008 871021s1988 enka b 00110 eng d
010 |a gb 88002061  
015 |a GB88-2061 
020 |a 0123842409 :  |c £27.50 (Apr.) 
035 |a (OCoLC)17232564 
035 |9 AAB4681AM 
040 |a UKM  |c UKM  |d OCL  |d TXA  |d UtOrBLW 
049 |a TXAM  |c [A11521749] 
050 1 0 |a SB386.R3  |a SB386.B6 
050 4 |a SB386.R3  |b J46 1988 
070 0 |a SB386.R3J46 
072 0 |a F700  |a F200  |a F830 
082 0 |a 634/.711  |a 634/.713  |2 19 
100 1 |a Jennings, D. L. 
245 1 0 |a Raspberries and blackberries :  |b their breeding, diseases and growth /  |c D.L. Jennings. 
264 1 |a London ;  |a San Diego :  |b Academic,  |c 1988. 
300 |a x, 230 pages :  |b illustrations ;  |c 23 cm. 
336 |a text  |b txt  |2 rdacontent 
337 |a unmediated  |b n  |2 rdamedia 
338 |a volume  |b nc  |2 rdacarrier 
504 |a Bibliography: pages [197]-222. 
500 |a Includes indexes. 
650 0 |a Raspberries. 
650 0 |a Blackberries. 
999 |a MARS 
999 f f |s eec4ab24-fc48-3cd2-aeef-91e79f73cd97  |i 60dd13f3-1be2-3711-a6f2-4cdbb82d7597  |t 0 
952 f f |p ric  |a Texas A&M University  |b Rellis Campus  |c Joint Library Facility  |d Remote Storage  |t 0  |e SB386.R3 J46 1988  |h Library of Congress classification  |i unmediated -- volume  |m A14811521749 
998 f f |a SB386.R3 J46 1988  |t 0  |l Remote Storage